LEADER 01489nam--2200433---450 001 990005977610203316 005 20171004111412.0 010 $a978-88-386-6574-5 035 $a000597761 035 $aUSA01000597761 035 $a(ALEPH)000597761USA01 035 $a000597761 100 $a20141105d2012----km-y0itay50------ba 101 0 $aita 102 $aIT 105 $aa|||||||001yy 200 1 $aInformatica per le arti visive, la musica e lo spettacolo$fMassimo De Santo, Francesco Colace, Paolo Napoletano 210 $aMilano [etc.]$cMcGraw-Hill$d2012 215 $aXVI, 341 p.$cill.$d25 cm 225 2 $aCollana di istruzione scientifica$iSerie di scienze umane$v5 300 $aIn copertina: Web site 410 0$12001$aCollana di istruzione scientifica$iSerie di scienze umane 606 0 $aArte$xImpiego [degli] Elaboratori$2BNCF 676 $a700.285 700 1$aDE SANTO,$bMassimo$0619403 701 1$aCOLACE,$bFrancesco$0619404 701 1$aNAPOLETANO,$bPaolo$0619405 801 0$aIT$bsalbc$gISBD 912 $a990005977610203316 951 $aIV.1. 1568$b10350 L.G.$cIV.1.$d358801 951 $aIV.1. 1568a$b10351 L.G.$cIV.1.$d358802 951 $a700.285 DES 1$b40121 Sci.$c700$d00332179 959 $aBK 969 $aUMA 969 $aSCI 979 $aANNAMARIA$b90$c20141105$lUSA01$h1107 979 $aANNAMARIA$b90$c20141105$lUSA01$h1118 996 $aInformatica per le arti visive, la musica e lo spettacolo$91079662 997 $aUNISA LEADER 04337nam 2200769 450 001 9910780660903321 005 20230912130334.0 010 $a9786611995416 010 $a1-4426-7383-4 010 $a0-8020-3794-1 010 $a1-281-99541-X 024 7 $a10.3138/9781442673830 035 $a(CKB)2430000000001737 035 $a(OCoLC)431556408 035 $a(CaPaEBR)ebrary10219054 035 $a(SSID)ssj0000293662 035 $a(PQKBManifestationID)11236777 035 $a(PQKBTitleCode)TC0000293662 035 $a(PQKBWorkID)10292556 035 $a(PQKB)10780154 035 $a(CaBNvSL)thg00601994 035 $a(DE-B1597)464396 035 $a(OCoLC)1013964479 035 $a(OCoLC)944178253 035 $a(DE-B1597)9781442673830 035 $a(Au-PeEL)EBL4671421 035 $a(CaPaEBR)ebr11257131 035 $a(CaONFJC)MIL199541 035 $a(MdBmJHUP)musev2_104660 035 $a(VaAlCD)20.500.12592/429msn 035 $a(schport)gibson_crkn/2009-12-01/6/418689 035 $a(MiAaPQ)EBC4671421 035 $a(MiAaPQ)EBC3255148 035 $a(EXLCZ)992430000000001737 100 $a20160921h20052005 uy 0 101 0 $aeng 135 $aurcn||||||||| 181 $ctxt 182 $cc 183 $acr 200 10$aDenaturalizing ecological politics $ealienation from nature from Rousseau to the Frankfurt School and beyond /$fAndrew Biro 210 1$aToronto, [Ontario] ;$aBuffalo, [New York] ;$aLondon, [England] :$cUniversity of Toronto Press,$d2005. 210 4$dİ2005 215 $a1 online resource (265 p.) 300 $aBibliographic Level Mode of Issuance: Monograph 311 $a0-8020-9400-7 311 $a0-8020-8022-7 320 $aIncludes bibliographical references and index. 327 $a""Contents""; ""Acknowledgments""; ""Introduction: Nature or 'Nature'? Ecological Politics and the Postmodern Condition""; ""1 Ecocentrism and the Defence of Nature""; ""2 Postmodernism: The Critique of 'Nature'""; ""3 Jean-Jacques Rousseau: Modernity and the Historicization of Alienation""; ""4 Karl Marx: Objectification and Alienation under Capitalism""; ""5 Theodor W. Adorno: From Udeis to Utopia""; ""6 Herbert Marcuse: Basic and Surplus Alienation""; ""7 Denaturalizing Ecological Politics""; ""Notes""; ""Bibliography""; ""Index""; ""A""; ""B""; ""C""; ""D""; ""E""; ""F""; ""G""; ""H"" 327 $a""I""""j""; ""k""; ""l""; ""m""; ""n""; ""o""; ""p""; ""r""; ""s""; ""t""; ""u""; ""v""; ""w""; ""z"" 330 $aThe possibility of bringing the insights of modern political theory to bear on the problems of human ecology has long been plagued by disagreements over the category of nature itself. But with Denaturalizing Ecological Politics, Andrew Biro has found a way of rescuing environmentalism from the ideological trap of naturalism. Biro develops an environmental political theory that takes seriously both the materiality of the ecological crises generated by industrial and post-industrial society and the anti-foundationalist critiques of 'nature' developed in postmodern social theory. He argues that the theoretical basis for ecological politics can be better advanced through the lens of alienation from nature, sidestepping some of the pitfalls of debates over conceptions of nature itself. Biro traces the development of the concept of alienation from nature through four modern political thinkers - Rousseau, Marx, Adorno, and Marcuse - each of whom are read as arguing that human beings are not biologically separate from the rest of nature, but are nevertheless historically differentiated from it through the self-conscious transformation of the natural environment. In so doing, Biro provides the starting point for a 'denaturalized' rethinking of ecological politics. 606 $aHuman ecology$xPhilosophy 606 $aPhilosophy of nature 606 $aNature$xPolitical aspects 608 $aElectronic books. 615 0$aHuman ecology$xPhilosophy. 615 0$aPhilosophy of nature. 615 0$aNature$xPolitical aspects. 676 $a304.2/01 700 $aBiro$b Andrew$f1969-$01579392 801 0$bMiAaPQ 801 1$bMiAaPQ 801 2$bMiAaPQ 906 $aBOOK 912 $a9910780660903321 996 $aDenaturalizing ecological politics$93859468 997 $aUNINA